| 000 | 00703nam a2200217Ii 4500 | ||
|---|---|---|---|
| 003 | JO-AjNU | ||
| 008 | 230605s9999||||xx |||||||||||||| ||und|| | ||
| 017 | _a2003/10/2269 | ||
| 040 |
_aJO-AjNU _bara _erda _cJO-AjNU |
||
| 041 | _aara | ||
| 050 | 1 | 4 | _aPJ8054.A296 2004 |
| 100 | 3 |
_aأبو زبيد،محمد أحمد, _eauthor _924449 |
|
| 245 | 0 | 0 | _aالأطباء الكتاب في الأردن في القرن العشرين |
| 250 | _aط1 | ||
| 264 | 3 | 1 | _aإربد: المؤلف، 2004 |
| 300 | _a231ص | ||
| 336 |
_atext _btxt _2rdacontent |
||
| 337 |
_aunmediated _bn _2rdamedia |
||
| 338 |
_avolume _bnc _2rdacarrier |
||
| 650 | 4 |
_aالأدب العربي - تراجم - الأطباء _924450 |
|
| 999 |
_aA9005 _c12573 _d12573 |
||